000 00371nam a2200145Ia 4500
008 210210b1963 xxu||||| |||| 00| 0 eng d
082 _a547 BORO
100 _aBORDWELL (Frederick G)
245 _aOrganic chemistry
260 _aLondon
_bThe Macmillan Co.
_c1963
300 _axiii,920
650 _aOrganic chemistry
690 _aOrganic Chemistry
906 _a009270
999 _c148492
_d148492